Античная философия

Bibliographic Details
Main Author: Богомолов А. С. Алексей Сергеевич
Language:Russian
Published: Москва, Изд-во МГУ, 1985
Subjects:
Format: Book
KOHA link:https://koha.lib.tpu.ru/cgi-bin/koha/opac-detail.pl?biblionumber=19359

MARC

LEADER 00000nam0a2200000 4500
001 19359
005 20231101205251.0
035 |a (RuTPU)RU\TPU\book\19522 
035 |a BOOK00000011 
090 |a 19359 
100 |a 20011209d1985 km y0rusy50 ca 
101 0 |a rus 
102 |a RU 
105 |a y z 000zd 
200 1 |a Античная философия  |f А. С. Богомолов 
210 |a Москва  |c Изд-во МГУ  |d 1985 
215 |a 367 с. 
600 0 |a Марк Випсаний Агриппа  |c римский полководец  |c сподвижник Августа  |f около 63-12 гг. до н. э.  |2 stltpush  |3 (RuTPU)RU\TPU\pers\11375 
600 0 |a Гераклит Эфесский  |f конец 6-начало 5 вв. до н.э.  |c древнегреческий философ  |c политический и религиозно-этический мыслитель  |2 stltpui  |3 (RuTPU)RU\TPU\pers\972 
600 0 |a Демокрит  |c древнегреческий философ  |f около 470/460 г. до н.э.-?  |2 stltpui  |3 (RuTPU)RU\TPU\pers\143 
600 0 |a Карнеад из Кирены  |c древнегреческий философ  |f 214-129 гг. до н. э.  |2 stltpush  |3 (RuTPU)RU\TPU\pers\11316 
600 0 |a Клитомах  |c древнегреческий философ-скептик  |c ученик Карнеада  |f 186-110 гг. до н. э.  |c представитель Новой академии Платона  |2 stltpush  |3 (RuTPU)RU\TPU\pers\14758 
600 0 |a Ксенофан Колофонский  |c древнегреческий поэт  |c философ  |f около 570-после 478 гг. до н. э.  |2 stltpui  |3 (RuTPU)RU\TPU\pers\1510 
600 0 |a Левкипп из Элеи или Милета  |f предположительно 500-440 до н.э.  |c древнегреческий философ-материалист  |2 stltpush  |3 (RuTPU)RU\TPU\pers\13117 
600 0 |a Мелисс Самосский  |c древнегреческий философ  |c ученик Париенида  |f около 410-около 360 гг. до н. э.  |2 stltpush  |3 (RuTPU)RU\TPU\pers\13938 
600 0 |a Панэций Родосский  |c древнегреческий философ  |f около 180 г. до н. э.— 110 г. до н. э.  |2 stltpush  |3 (RuTPU)RU\TPU\pers\15696 
600 0 |a Парменид  |c из Элеи  |c древнегреческий философ  |f 5 в. до н. э.  |2 stltpui  |3 (RuTPU)RU\TPU\pers\1160  |9 527 
600 0 |a Платон  |f 428/427-348/347 гг. до н.э.  |c древнегреческий философ  |2 stltpui  |3 (RuTPU)RU\TPU\pers\374 
600 0 |a Плотин  |c древнегреческий философ  |c основатель неоплатонизма  |f около 204/205-269/270  |2 stltpui  |3 (RuTPU)RU\TPU\pers\375  |9 187 
600 0 |a Порфирий  |c греческий философ-неоплатоник  |c ученик Плотина  |f около 233-около 304  |2 stltpush  |3 (RuTPU)RU\TPU\pers\15729  |9 5478 
600 0 |a Посидоний  |c древнегреческий философ  |c учитель Цицерона  |f около 135-51 гг. до н. э.  |2 stltpush  |3 (RuTPU)RU\TPU\pers\15730 
600 0 |a Прокл  |c древнегреческий философ  |f 412-485  |2 stltpui  |3 (RuTPU)RU\TPU\pers\382  |9 190 
600 0 |a Сократ  |c древнегреческий философ  |f около 470-399 гг. до н.э.  |2 stltpui  |3 (RuTPU)RU\TPU\pers\432 
600 0 |a Фалес  |f 625-547 гг. до н.э.  |c древнегреческий философ  |2 stltpush  |3 (RuTPU)RU\TPU\pers\4378 
600 0 |a Филон Александрийский  |f около 25 г. до н. э.-около 50  |c древнееврейский теолог  |2 stltpush  |3 (RuTPU)RU\TPU\pers\9646 
600 0 |a Цицерон Марк Туллий  |c римский политический деятель  |c оратор  |c писатель  |f 106-43 гг. до н. э.  |2 stltpui  |3 (RuTPU)RU\TPU\pers\628 
600 0 |a Эмпедокл  |c древнегреческий философ  |f около 490-430 гг. до н. э.  |c поэт  |c врач  |c политический деятель  |2 stltpush  |3 (RuTPU)RU\TPU\pers\9644 
600 0 |a Энесидем  |c древнегреческий философ  |c представитель скептицизма  |f 1 в. до н. э.  |2 stltpush  |3 (RuTPU)RU\TPU\pers\16016  |9 5598 
600 0 |a Эпикур  |c древнегреческий философ  |f 341-270 гг. до н.э.  |2 stltpui  |3 (RuTPU)RU\TPU\pers\532 
600 0 |a Ямвлих  |c античный философ  |c ученик Порфирия  |f середина 3 в.-около 300  |2 stltpush  |3 (RuTPU)RU\TPU\pers\16020  |9 5602 
600 0 |a Сенека Луций Анней  |c римский политический деятель  |c философ  |c писатель  |c представитель стоицизма  |f около 4 г. до н.э. - 65  |2 stltpush  |3 (RuTPU)RU\TPU\pers\850 
606 1 |a Античная философия  |2 stltpush  |3 (RuTPU)RU\TPU\subj\29253  |9 52631 
610 1 |a философия 
610 1 |a история 
610 1 |a древнегреческая философия 
610 1 |a древнеримская философия 
686 |a Ю3(0)32я73  |v LBC/SL-A  |2 rubbk 
700 1 |a Богомолов  |b А. С.  |g Алексей Сергеевич 
801 0 |a RU  |b 63413507  |c 20011209  |g PSBO 
801 2 |a RU  |b 63413507  |c 20220907  |g PSBO 
942 |c BK